Science Quiz

Random Science or Biology Quiz

Click a Carnivoran Quiz Stats

 Plays Quiz Updated Mar 21, 2015

Also try: Clickable Reptiles
Challenge
Share
Tweet
Embed
Score 0/20 Timer 02:00
8 Plays Today
% Correct
Tiger
92.5%
Lion
92.2%
Jaguar
92%
Hyena
90.4%
Polar Bear
90%
Wolf
89.8%
Fox
89.4%
Wolverine
89.4%
Dingo
84.5%
Honey Badger
75.7%
% Correct
Golden Retriever
74.1%
Mongoose
73%
Weasel
69.9%
Mink
61.3%
Civet
55.8%
Otter
52.6%
Marten
52%
Seal
49.5%
Walrus
42.4%
Skunk
33.9%

You're not logged in!

Compare scores with friends on all Sporcle quizzes.
Join for Free
OR
Log In

You Might Also Like...

Show Comments

Extras

Top Quizzes Today


Score Distribution

Your Account Isn't Verified!

In order to create a playlist on Sporcle, you need to verify the email address you used during registration. Go to your Sporcle Settings to finish the process.

Report this User

Report this user for behavior that violates our Community Guidelines.

Details: